000
00320nam a2200133Ia 4500
008
191201s2009 xx 000 0 und d
100
_a
MARTOCCHIO,Joseph
245
0
_a
Strategic Compensation: A Human Resource
250
_a
4th
260
_a
N.Delhi
_b
Pearson
_c
2009
300
_a
527
650
_a
MBA
942
_2
ddc
_c
BK
999
_c
4138
_d
4138